Central Library OPAC University of Rajshahi

চাঁদের অমাবস্যা / (Record no. 44077)

MARC details
000 -LEADER
fixed length control field 00872nam a2200241 a 4500
001 - CONTROL NUMBER
control field 44077
003 - CONTROL NUMBER IDENTIFIER
rucl marc code BD-RjUL
005 - DATE AND TIME OF LATEST TRANSACTION
control field 20211209053810.0
008 - FIXED-LENGTH DATA ELEMENTS--GENERAL INFORMATION
fixed length control field 151202s1972 bg a|||| |||| 00| f ben d
020 ## - INTERNATIONAL STANDARD BOOK NUMBER
Terms of availability : Tk. 3.50
035 ## - SYSTEM CONTROL NUMBER
System control number (BD-RjUL)44195
040 ## - CATALOGING SOURCE
Original cataloging agency BD-RjUL
Language of cataloging ben
Transcribing agency BD-RjUL
041 ## - LANGUAGE CODE
Language code of text/sound track or separate title ben
082 ## - DEWEY DECIMAL CLASSIFICATION NUMBER
Classification number B 891.443
Author mark and year OYC 1972
Edition number 23
100 ## - MAIN ENTRY--PERSONAL NAME
Personal name ওয়ালীউল্লাহ্‌, সৈয়দ
9 (RLIN) 116624
245 10 - TITLE STATEMENT
Title চাঁদের অমাবস্যা /
Statement of responsibility, etc. সৈয়দ ওয়ালীউল্লাহ্‌
250 ## - EDITION STATEMENT
Edition statement ২য় সং.
260 ## - PUBLICATION, DISTRIBUTION, ETC. (IMPRINT)
Place of publication, distribution, etc. ঢাকা :
Name of publisher, distributor, etc. নওরোজ কিতাবিস্তার,
Date of publication, distribution, etc. ১৯৭২
300 ## - PHYSICAL DESCRIPTION
Pagination ১৮০ পৃ. :
Illustrations চিত্র ;
Size ২২ সেমি.
650 ## - SUBJECT ADDED ENTRY--TOPICAL TERM
Topical term or geographic name as entry element বাংলা উপন্যাস
9 (RLIN) 120419
Topical term or geographic name as entry element Bengali fiction
9 (RLIN) 120420
942 ## - ADDED ENTRY ELEMENTS (KOHA)
Source of classification or shelving scheme Dewey Decimal Classification
Koha item type Books
Holdings
Lost status Source of classification or shelving scheme Damaged status Not for loan Collection code Permanent Location Current Location Shelving location Date acquired Source of acquisition Cost, normal purchase price Total Checkouts Full call number Date last seen Date checked out Copy number Koha item type
  Dewey Decimal Classification     Fiction Central Library, University of Rajshahi Central Library, University of Rajshahi   06/09/1973 Nawroge kitabstan, Dhaka 5.50 8 B 891.443 OYC 1972 23/07/2025 20/07/2025 C-2 Books
  Dewey Decimal Classification     Non-fiction Central Library, University of Rajshahi Central Library, University of Rajshahi   11/01/1975 Bangla Academy, 3.50 3 B 891.443 OYC 1972 18/11/2024 14/11/2024 C-3 Books